Fytoterapia v liečbe infekcií dýchacích ciest /

Uloženo v:
Podrobná bibliografie
Médium: Kniha
Jazyk:slovenština
Vydáno: Bratislava : EDUKAFARM, s.r.o., 2019
Témata:
ISBN:9788089995165
On-line přístup: Získat plný text
Tagy: Přidat tag
Žádné tagy, Buďte první, kdo vytvoří štítek k tomuto záznamu!

MARC

LEADER 00000nam a2200000 4500
003 SK-BrCVT
005 20220621183835.0
006 aado e f 000 0
008 190408s2019 xo ado e f 000 0slo#d
020 |a 9788089995165   |q (brož.) 
035 |a CVTIDW0070255 
040 |a CVT  |b slo  |c CVT  |e AACR2  |d CVTI SR 
041 0 |a slo 
044 |a xo  |c SK 
080 |a 615.85  |2 2008 
080 |a 615.89:633.88  |2 2011 
080 |a 616.21/.23  |2 2011 
080 |a (035)  |2 2011 
245 1 0 |a Fytoterapia v liečbe infekcií dýchacích ciest /  |c [odborná redakcia: Jiří Slíva, Vladimír Végh, Lucie Kotlářová, Pavel Kostiuk] 
260 |a Bratislava :  |b EDUKAFARM, s.r.o.,  |c 2019 
300 |a 16 s. :  |b fotogr., grafy, lit., obr., tab. ;  |c 29 cm 
336 |a text  |b txt  |2 rdacontent 
337 |a bez média  |b n  |2 rdamedia 
338 |a zväzok  |b nc  |2 rdacarrier 
521 |a Odborná brožúra slúži ako edukačný materiál pre odborníkov v oblasti zdravotníctva 
650 0 |a fytoterapia  |2 SNKPH 
650 0 7 |a Phytotherapy  |2 SNKPHeng 
650 0 7 |a dýchacie cesty  |2 SNKPH 
650 0 7 |a Airways (medicine)  |2 SNKPHeng 
653 1 |a fytoterapia 
653 1 |a dýchacie cesty 
655 7 |a odborné publikácie  |2 SNKPH 
655 7 |a Handbooks, manuals, etc.  |2 SNKPHeng 
700 1 |a Slíva, Jiří,  |d 1978-  |4 red 
700 1 |a Végh, Vladimír  |4 red 
700 1 |a Kotlářová, Lucie,  |d 1974-  |4 red 
700 1 |a Kostiuk, Pavel,  |d 1946-  |4 red 
852 |a CVTISR  |b 1 
901 |a 1 Slovenská národná knižnica Martin (SNK)  |b 20190408135126  |d clas01  |u z3950.snk.sk:1111  |i vtls011856459  |m 20190329121200.0 
910 |b A627668 
919 |a 978-80-89995-16-5 
959 |a 56 
974 |a katarina.repata  |f Knihy 
992 |a AMG 
992 |a APP 
999 |c 266881  |d 266881